000
00216nam a2200097Ia 4500
008
240331s9999 xx 000 0 und d
082
_b
VAS
100
_a
Vasanth,S
245
0
_a
Thakkayin meedhu nangu kangal
942
_c
L
999
_c
4658
_d
4658